Estudio de movimientos y tiempos (Registro nro. 2747)

Detalles MARC
000 -LEADER
fixed length control field 02443 a2200205 4500
001 - CONTROL NUMBER
control field 37395
005 - DATE AND TIME OF LATEST TRANSACTION
control field 20260407155642.0
008 - FIXED-LENGTH DATA ELEMENTS--GENERAL INFORMATION
fixed length control field 260407a1964 arg spa d
003 - CONTROL NUMBER IDENTIFIER
control field AR-UNSa-BCEJYS
040 ## - CATALOGING SOURCE
Original cataloging agency AR-UNSa-BCEJYS
Language of cataloging spa
Transcribing agency AR-UNSa-BCEJYS
080 ## - UNIVERSAL DECIMAL CLASSIFICATION NUMBER
Universal Decimal Classification number 658.53
Common auxiliary subdivision Rendimiento y tiempos en el proceso de producción<br/>
100 1# - MAIN ENTRY--PERSONAL NAME
Personal name Barnes, Ralph M.
245 10 - TITLE STATEMENT
Title Estudio de movimientos y tiempos
250 ## - EDITION STATEMENT
Edition statement 4a. ed.
264 #1 - PRODUCTION, PUBLICATION, DISTRIBUTION, MANUFACTURE, AND COPYRIGHT NOTICE
Place of production, publication, distribution, manufacture Madrid :
Name of producer, publisher, distributor, manufacturer Aguilar
Date of production, publication, distribution, manufacture, or copyright notice 1964
300 ## - PHYSICAL DESCRIPTION
Extent 575 p.
Dimensions 22 cm.
505 ## - FORMATTED CONTENTS NOTE
Formatted contents note 1. Definición y objeto del estudio de movimientos - 2. Historia del estudio de movimientos y tiempos - 3. Límites a la aplicación del estudio de movimientos y teimpos - 4. Como mejorara un método de trabajo - 5. Análisis del proceso - 6. Diagramas hombre-máquina - 7. Análisis de la operación - 8. Estudio de micromovimientos - 9. Movimientos fundamentales de las manos - 10. Equipo para estudio de movimientos y micromovimientos - 11. Forma de hacer la película - 12. Análisis de la película - 13. El uso de los movimientos fundamentales de las manos - 14. Fatiga - 15. Principios de economía de movimientos relacionados - 16. principios de economía de movimientos en lo que se refiere al lugar de trabajo - 17. Principios de economía de movimientos en su relación con el diseño de herramientas y equipo - 18. Normalización - 19. La relación entre el estudio de movimientos y tiempos y los incentivos sobre el salario - 20. Estudio de tiempos con cronómetro. Equipo de estudio de tiempos. Realización del estudio de tiempos - 21. Estudio de tiempos con cronómetro. Determinación del factor de valoración - 22. Estudio de tiempos con cronómetro. Determinación de los suplementos y del tiempo tipo - 23. Determinación de tiempos a partir de datos de tiempos elementales y de fórmulas - 24. Uso de los datos de tiempo elementales y de las fórmulas. Dos casos: tallado de engranajes con fresa y soldado de botes - 25. Determinación de tiempos tipo para trabajos de troquel y herramientas - 26. Determinación de tiempos tipo para las operaciones de montaje. Clasificación y definición de movimientos. Determinación de valores de tiempo - 27. Determinación de normas de tiempo para operaciones de montaje. Una aplicación - 28. Programas de enseñanza del estudio de movimientos y tiempos - 29. Instruyendo al operario. Efecto de la práctica
590 ## - LOCAL NOTE (RLIN)
Local note niveau_biblio:m niveau_hierar:0
942 ## - ADDED ENTRY ELEMENTS (KOHA)
Koha item type
Existencias
Withdrawn status Lost status Damaged status Not for loan Home library Current library Shelving location Date acquired Total checkouts Full call number Barcode Date last seen Price effective from Koha item type
        Biblioteca Prof. Eusebio Cleto del Rey Biblioteca Prof. Eusebio Cleto del Rey   07/04/2026   658.53 B259 4ed. L20910 07/04/2026 07/04/2026 Libro